Movies Quiz

Random Movies or Actor Quiz

Odd One Out: Actors and Actresses in Movies II Quiz Stats

 Plays Quiz Updated Sep 21, 2017

Score 0/20 Timer 06:00
2 Plays Today
Question Answer Wrong Answers
Jim Carrey Anchorman: The Legend of Ron Burgundy
82.6%
The Incredible Burt Wonderstone
9.4%
The Truman Show
0.9%
The Cable Guy
2.3%
Woody Harrelson A Clockwork Orange
82.1%
The Edge of Seventeen
6%
Natural Born Killers
3%
Now You See Me
4%
Hugh Jackman Iron Man
77.3%
The Prestige
3.5%
Les Misérables
2.8%
Movie 43
11.6%
Vin Diesel The Scorpion King
74.9%
The Pacifier
8.1%
Furious 7
3.2%
Riddick
8.9%
Will Ferrell Vacation
74.7%
Stranger Than Fiction
14.8%
Old School
4.6%
Elf
1.2%
John Travolta Reservoir Dogs
72.6%
Hairspray (2007)
5.1%
Get Shorty
6.5%
Phenomenon
10.9%
Cameron Diaz Horrible Bosses
65.1%
Gangs of New York
14.1%
My Best Friend's Wedding
11.1%
The Mask
4.8%
Matthew Broderick Lost in Space
61.2%
Godzilla (1998)
13.7%
Ferris Bueller's Day Off
2.1%
Deck the Halls
17.8%
Kevin Spacey Half Past Dead
61.2%
Se7en
10.1%
Superman Returns
21.4%
The Usual Suspects
2.3%
Bruce Willis Nine Months
58.1%
The Whole Nine Yards
9.3%
Moonrise Kingdom
21.3%
Unbreakable
6.2%
Gary Oldman Kung Fu Panda 3
56.9%
Tinker Tailor Soldier Spy
8.4%
The Fifth Element
12.3%
Air Force One
17.3%
Anna Kendrick Neighbors 2: Sorority Rising
56%
Up in the Air
18.3%
Mike & Dave Need Wedding Dates
16.2%
Pitch Perfect
4.6%
Matthew McConaughey 10 Things I Hate About You
53.5%
Bernie
25.4%
Killer Joe
11.4%
Dazed & Confused
4.9%
Josh Brolin Frost/Nixon
46.8%
Sicario
25.1%
No Country for Old Men
8.6%
True Grit
14.3%
Natalie Portman Star Wars: Episode VI - Return of the Jedi
46.6%
No Strings Attached
16.9%
Closer
20.7%
Leon: The Professional
11%
Michelle Rodriguez Battlefield Earth
45.8%
Avatar
30.6%
The Fast and the Furious
4.8%
Machete
13.6%
Dustin Hoffman Meet the Parents
43.6%
Tootsie
5.1%
Runaway Jury
39.8%
Hook
6.7%
Ralph Fiennes Shakespeare in Love
42.7%
Spectre
35.6%
The Grand Budapest Hotel
9.8%
The English Patient
6.8%
Denzel Washington Glory Road
34.3%
The Mighty Quinn
42.4%
The Pelican Brief
7.9%
Inside Man
10.3%
Tom Hardy The Dark Knight
28.2%
Dunkirk
10.5%
Inception
10.3%
Sucker Punch
46.2%

You're not logged in!

Compare scores with friends on all Sporcle quizzes.
OR
Log In

Show Comments

Extras

Top Quizzes Today


Score Distribution

Your Account Isn't Verified!

In order to create a playlist on Sporcle, you need to verify the email address you used during registration. Go to your Sporcle Settings to finish the process.

Report this User

Report this user for behavior that violates our Community Guidelines.

Details: